000 00903nam a22002897a 4500
001 BR7503853
003 BR-BrBNA
005 20230928084831.0
007 ta
008 230509b bl.||||| |||| 00| 0 por d
040 _aBR-BrBNA
_bpor
_cBiblioteca Nacional de Agricultura
041 _a(Por)
072 _aF25
_b/G514
090 _ F25 BR7503853
100 1 _aAraujo, J.N. de
100 1 _aBirbaumer, G.
110 1 _aAssociacao Nordestina de Credito e Assistencia Rural do Piaui, Teresina (Brasil). Servico de Extensao Rural
_9711
245 1 _aInforme preliminar dos resultados dos ensaios demonstrativos de adubacao executados no Piaui no ano agricola 73/74 [Brasil]
260 3 _aTeresina, PI (Brasil):
_c1975.
300 _a26 p.
500 _a13 tables
650 _aADUBACAO
650 _aFERTILIZANTE
650 _aPIAUI
909 _a202309
_bLucia
_c55
_dLucia Elande
942 _cBK
999 _c21364
_d21364